000 01101nam a2200265 4500
001 0000015080
003 CO-CtgCURN
005 20250331185243.0
007 ta
008 160627s1991 000 0 eng d
040 _aCO-CtgCURN
_bspa
_ccoctgcurn
082 0 _a657
_bR45f
100 1 _aRincon Peña, Guillermo A.
245 1 0 _aFundamentos basicos de contabilidad /
_cGuillermo A. Rincon Peña.
260 _aBogotá :
_bLibreria del Contador Publico,
_c1991.
300 _a82 p.
336 _2rdacontent
337 _2rdamedia
_asin mediacion
_bn
338 _2rdacarrier
_avolumen
_bnc
505 8 _aLa evolucion de la contabilidad.--Contabilidad.--Transaccióne comerciales.--La empresa.--Origen de las empresas.--Tipos principales de empresas.--Tipos de organizacion de empresas.--La organizacion de la empresa.--Papeles de negocios.--Los estados financieros.--Elaboracion del balance general.--La ecuacion contable
650 1 4 _aContabilidad
_vHistoria.
908 _a160627
942 _cBK
_h657
_iR45f
_2ddc
999 _c24246
_d24246